| 000 | 00437nam a22001577a 4500 | ||
|---|---|---|---|
| 999 |
_c7746 _d7746 |
||
| 003 | OSt | ||
| 005 | 20190218204212.0 | ||
| 008 | 190218b ||||| |||| 00| 0 eng d | ||
| 040 | _cDLC | ||
| 082 |
_a220.8 _bN747u |
||
| 100 | _aNoble, George W. | ||
| 245 |
_a625 Usable Illustrations/ _ccompiled and edited by George W, Noble/ |
||
| 260 |
_aMadras: _bEvangelical Literature Service: _cc. 1996 |
||
| 300 |
_a179 p.; _c21 cm |
||
| 942 |
_2ddc _cBK |
||